01466cam a22003854i 4500003000900000005001700009008004100026035002000067040003300087100003500120245020200155264001000357300003900367336002100406337002500427338002300452502005900475504002400534520033700558526001000895526001000905526000900915526000900924526000900933526000900942526000900951526000900960526000900969526000800978526000800986526000800994526000801002526000801010650006201018PE-LiUPU20250731165436.0160510s2006 pe a grm 000 0 spa d a(Sirsi) a156643 aPE-LiUPUbspacPE-LiUPUerda1 aHerrera Mejía, Adilioeautor1 aFactores determinantes de la violencia intrafamiliar en miembros casados de la Iglesia Adventista del Séptimo Día, en el distrito misionero del Callao B, Lima, Perú /cAdilio Herrera Mejía. 0c2006. a69 hojas : bilustraciones;c30 cm atext2rdacontent aunmediated2rdamedia avolume2rdacarrier aTesisb(Lic.) -- cUniversidad Peruana Unión,d2006. aIncluye referencias3 aEn el diseño de la investigación se empleará el sistema de tipo descriptivo, pues busca especificar propiedades, características y rasgos importantes de la violencia intrafamiliar, al mismo tiempo es correlacional, pues tiene como propósito evaluar la relación existente entre la violencia y los factores condicionantes. aSEG44 aSEG26 aP151 aP150 aP149 aP146 aP145 aP126 aP125 aP92 aP75 aP74 aP27 aP1504aAdventistas del séptimo díaxViolencia en la familia.